000 00950nam a22002177a 4500
999 _c8613
_d8613
003 AR-CdUCM
008 190325b ||||| |||| 00| 0 spa d
040 _aMUNICIPALIDAD PROVINCIAL DEL CUSCO
_cBIBLIOTECA MUNICIPAL DEL CUSCO
082 _a985.061 /
_bC73
110 _aComisión nacional del centenario de la guerra del pacifico
_924102
245 _aColección documental de la historia del Perú (1879 - 1884) /
260 _aLima :
_bDesa,
_c1938.
300 _a4 tomos ;
_c20.5 cm.
440 _aColección documental
_924103
505 _aContenido: t.1. Memoria que el ministerio de relaciones exteriores presenta al congreso extraordinario de 1879 -- t.3. La batalla de arica -- t.4. Médicos y farmacéuticos en la guerra del pacifico -- t.5. La Universidad Mayor de San Marcos y la guerra del pacifico
650 _aHistoria
_9136
650 _aGuerra del pacifico
_9941
650 _aPerú
_935
942 _2ddc
_cLIBROS
945 _aacv